| 000 | 00704nam a2200181 i 4500 | ||
|---|---|---|---|
| 001 | 101056 | ||
| 003 | ES-MaACL | ||
| 005 | 20230906182819.0 | ||
| 007 | t| | ||
| 008 | 051011s1919 sp ||||1| spa d | ||
| 100 | 1 |
_aMaura Gamazo, Gabriel, _cDuque de Maura, _d1879-1963 _979221 |
|
| 245 | 1 | 0 |
_aHistoria crítica del reinado de Don Alfonso XIII durante su menoridad bajo la regencia de su madre Doña María Cristina de Austria. _nI / _cGabriel Maura Gamazo. |
| 260 |
_aBarcelona : _bMontaner y Simón, _c[1919] |
||
| 300 |
_a375 p. ; _c22 cm. |
||
| 651 | 4 |
_aEspaña- _xHistoria- _y1885-1902, Regencia de Maria Cristina de Habsburgo. _98270 |
|
| 852 |
_aES-MaACL _jF-2454 |
||
| 999 |
_c101056 _d101056 |
||